000 00456nam a22001937a 4500
003 MPLRDC
005 20220104113700.0
008 210129b ||||| |||| 00| 0 eng d
020 _a962-357-108-9
082 _a857.621 NK v.68 c.2
100 _a倪匡
245 _a错手
_c
250 _a十六版
260 _a
_b明窗出版社
_c1998
300 _b
490 _a科幻系列. 68
650 _a科幻小说
942 _cBK
_o857.621 NK v.68 c.2
999 _c1534
_d1524